000 00362nam a2200133Ia 4500
005 20260328101457.0
008 260328s9999||||xx |||||||||||||| ||und||
100 _aKidder Smith, G.E.
245 0 _aL'Italia construisce = Italy Builds /
_cG.E. Kidder Smith
260 _bEdizioni di Comunità
300 _a264 p.
650 _aARQUITECTURA REGIONAL
942 _cBK
999 _c8860
_d8860